Hindī meṃ nīti-kāvya kā vikāsa. (Record no. 54580)

MARC details
000 -LEADER
fixed length control field 00575cam a22002291 4500
001 - CONTROL NUMBER
control field sa 63002642
003 - CONTROL NUMBER IDENTIFIER
control field DLC
005 - DATE AND TIME OF LATEST TRANSACTION
control field 20260227111935.0
008 - FIXED-LENGTH DATA ELEMENTS--GENERAL INFORMATION
fixed length control field 890510s1962 ii 000 0 hino
010 ## - LIBRARY OF CONGRESS CONTROL NUMBER
LC control number sa 63002642
035 ## - SYSTEM CONTROL NUMBER
System control number (OCoLC)19689034
040 ## - CATALOGING SOURCE
Original cataloging agency DLC
Transcribing agency WaU
Modifying agency DLC
042 ## - AUTHENTICATION CODE
Authentication code premarc
043 ## - GEOGRAPHIC AREA CODE
Geographic area code a-ii---
050 00 - LIBRARY OF CONGRESS CALL NUMBER
Classification number PK2040
Item number .S36
100 1# - MAIN ENTRY--PERSONAL NAME
Personal name Śāstrī, Rāmasarūpa.
245 10 - TITLE STATEMENT
Title Hindī meṃ nīti-kāvya kā vikāsa.
260 ## - PUBLICATION, DISTRIBUTION, ETC.
Date of publication, distribution, etc. [1962]
300 ## - PHYSICAL DESCRIPTION
Extent 669 p.
Dimensions 23 cm.
500 ## - GENERAL NOTE
General note In Hindi.
650 #0 - SUBJECT ADDED ENTRY--TOPICAL TERM
Topical term or geographic name entry element Hindi poetry
General subdivision History and criticism.

No items available.

Powered by Koha